000
00303cam a22001097a 4500
008
180718b1954 xxu||||| |||| 00| 0 eng d
082
_a
B7103x5434 A/1954
100
_a
Rajasthan. Law Department
245
_a
The Rajasthan district boards act, 1954
260
_a
Jaipur
_b
The author
_c
1954
300
_a
70p.
999
_c
488247
_d
488247